00856nam a2200217 a 450000100060000000300080000600500170001400800410003102000160007203500190008804000270010704100080013408200260014210000570016824501380022526000740036330000460043765000740048365000250055770000560058244022BD-RjUL20211209053803.0160712s1970 bg ||||| |||| 00| 0 ben d c: PRs 5.50  a(BD-RjUL)44140 aBD-RjULbben cBD-RjUL aben a530.11223bEIA 1970  aআইনস্টাইন, আলবার্ট 10aআপেক্ষিকতা /cআলবার্ট আইনস্টাইন, অনুবাদ নুরুল হুদা  aঢাকা :bবাংলা একাডেমী,c১৯৭০  a১৩১ পৃ. ;c২২ সেমি. aআপেক্ষিকতা (পদার্থবিদ্যা) aRelativity (Physics) aহুদা, নুরু্‌ অনুবাদ